| 000 | 00000nam##2200000za#4500 |
| 001 | 9.662750 |
| 003 | CaOODSP |
| 005 | 20210615120722 |
| 007 | ta |
| 008 | 150407|2001||||xxc||||| f|0| 0 fre|d |
| 020 | |a0-662-65799-3 |
| 040 | |aCaOODSP|bfre |
| 041 | |aeng |
| 041 | |afre |
| 043 | |an-cn--- |
| 086 | 1 |aEn40-628/2001 |
| 110 | 1 |aCanada. |bEnvironnement Canada. |
| 245 | 10|aPolitique d'observation et d'application de la Loi canadienne surla protection de l'environnement, 1999 (LCPE, 1999) |
| 260 | |aOttawa - Ontario : |bEnvironnement Canada |c2001. |
| 300 | |aTexte en français, 40p. ; |c28 cm. |
| 500 | |aLes données du catalogage avant publication (Canada) imprimées sur cette publication. N.B.: Le numéro de catalogue (En40-628/2001F) et ISBN (0-662-85677-5) imprimés sur cette publication sont incorrects. |
| 546 | |aBilingue |
| 563 | |aCouverture souple |
| 590 | |a01-16|b2001-04-20 |
| 691 | 07|aDroit de l'environnement|2gcpds |
| 691 | 07|aPolitique environnementale|2gcpds |
| 691 | 07|aProtection de l'environnement|2gcpds |
| 776 | 0#|tCompliance and enforcement policy for the Canadian Environmental Protection Act, 1999 (CEPA, 1999) |w(CaOODSP)9.696179 |
| 791 | |tCompliance and enforcement policy for the Canadian Environmental Protection Act, 1999 (CEPA, 1999) |eeng|w(CaOODSP)9.662749 |